L'homme en proie aux enfants / (Record no. 129572)

MARC details
000 -LEADER
campo de control de longitud fija 00419nam a2200157 i 4500
001 - NÚMERO DE CONTROL
campo de control 129572
003 - IDENTIFICADOR DE NÚMERO DE CONTROL
campo de control ES-MaACL
005 - FECHA Y HORA DE LA ÚLTIMA TRANSACCIÓN
campo de control 20230906193528.0
007 - CAMPO FIJO DE DESCRIPCIÓN FÍSICA--INFORMACIÓN GENERAL
campo de control de longitud fija t|
008 - DATOS DE LONGITUD FIJA--INFORMACIÓN GENERAL
campo de control de longitud fija 070626s1908 fr ||||1| fre d
100 1# - ENTRADA PRINCIPAL--NOMBRE DE PERSONA
Nombre de persona Thierry, Albert.
9 (RLIN) 109948
245 12 - MENCIÓN DEL TÍTULO
Título L'homme en proie aux enfants /
Mención de responsabilidad, etc. Albert Thierry.
260 ## - PUBLICACIÓN, DISTRIBUCIÓN, ETC.
Lugar de publicación, distribución, etc. Paris,
Fecha de publicación, distribución, etc. [1908] (
Fabricante Julien Cremieu)
300 ## - DESCRIPCIÓN FÍSICA
Extensión 214 p. ;
Dimensiones 19 cm.
852 ## - LOCALIZACIÓN
Ubicación ES-MaACL
Número de control de estantería F-11202
Holdings
Estatus retirado Estado de pérdida Estado de daño No para préstamo Biblioteca de origen Biblioteca actual Ubicación en estantería Fecha de adquisición Fuente de adquisición Total de préstamos Signatura topográfica completa Código de barras Visto por última vez Precio de reemplazo Tipo de ítem Koha
        Biblioteca del Ateneo de Madrid Biblioteca del Ateneo de Madrid Sala Pecera Planta 2 17/01/2008     F-11202 1134926 23/02/2023 23/02/2023 Libro impreso